|
|
|
|
| LEADER |
00812nam a2200205Ia 4500 |
| 001 |
CTU_169301 |
| 008 |
210402s9999 xx 000 0 und d |
| 082 |
|
|
|a 333.95
|
| 082 |
|
|
|b G975
|
| 100 |
|
|
|a Gunaratne, L. H. P.
|
| 245 |
|
4 |
|a The affectiveness of electric fencing in mitigating human-elephant conflict in Sri Lanka
|
| 245 |
|
0 |
|c L. H. P. Gunaratne, P. K. Premarathne
|
| 260 |
|
|
|a Singapore
|
| 260 |
|
|
|b The economy and environment program for Southeast
|
| 260 |
|
|
|c 2006
|
| 650 |
|
|
|a Elephants,Electric fences,Land use,Voi,Hàng rào điện,Sử dụng đất
|
| 650 |
|
|
|x Environmental aspects,Khía cạnh môi trường
|
| 650 |
|
|
|z Sri Lanka,Sri Lanka,Sri Lanka,Sri Lanka,Sri Lanka,Sri Lanka
|
| 904 |
|
|
|i Lien,Qhieu
|
| 980 |
|
|
|a Trung tâm Học liệu Trường Đại học Cần Thơ
|